000 00304nam a2200109Ia 4500
008 200302s9999 xx 000 0 und d
100 _aAlan thomas and Others
245 _aResearch skills for policy and devlopment how to find out fast
260 _bSage Publications Inc.
260 _c2007
300 _a363
999 _c7437
_d7437